<?xml version="1.0" encoding="UTF-8"?><?xml-stylesheet type="text/xsl" href="static/style.xsl"?><OAI-PMH xmlns="http://www.openarchives.org/OAI/2.0/" xmlns:xsi="http://www.w3.org/2001/XMLSchema-instance" xsi:schemaLocation="http://www.openarchives.org/OAI/2.0/ http://www.openarchives.org/OAI/2.0/OAI-PMH.xsd"><responseDate>2026-04-13T07:28:07Z</responseDate><request verb="GetRecord" identifier="oai:www.recercat.cat:2072/233057" metadataPrefix="marc">https://recercat.cat/oai/request</request><GetRecord><record><header><identifier>oai:recercat.cat:2072/233057</identifier><datestamp>2024-12-12T03:39:22Z</datestamp><setSpec>com_2072_5167</setSpec><setSpec>com_2072_5163</setSpec><setSpec>col_2072_5168</setSpec></header><metadata><record xmlns="http://www.loc.gov/MARC21/slim" xmlns:dcterms="http://purl.org/dc/terms/" xmlns:xsi="http://www.w3.org/2001/XMLSchema-instance" xmlns:doc="http://www.lyncode.com/xoai" xsi:schemaLocation="http://www.loc.gov/MARC21/slim http://www.loc.gov/standards/marcxml/schema/MARC21slim.xsd">
   <leader>00925njm 22002777a 4500</leader>
   <datafield ind2=" " ind1=" " tag="042">
      <subfield code="a">dc</subfield>
   </datafield>
   <datafield ind2=" " ind1=" " tag="720">
      <subfield code="a">Steegmann Pascual, Ignasi</subfield>
      <subfield code="e">author</subfield>
   </datafield>
   <datafield ind2=" " ind1=" " tag="260">
      <subfield code="c">2014-06-13</subfield>
   </datafield>
   <datafield ind2=" " ind1=" " tag="520">
      <subfield code="a">El treball que aquí es presenta s’inicia amb la descripció de tres models principals de concebre la funció del teatre. A continuació, es demostrarà que l’estratègia més vàlida axiològicament és aquella que parteix d’Aristòtil amb els conceptes de mímesi i catarsi. A partir d’aquí, la segona part del document es centra en verificar que l’obra Macbeth de William Shakespeare és un bon exemple d’aquest model. Per aquest motiu, s’analitza que el text de l’autor britànic concordi amb la realitat. Més concretament, s’estudia que el comportament psicològic dels protagonistes sigui versemblant, i que l’espectador pugui extreure un aprenentatge vàlid quan observi aquesta representació teatral.</subfield>
   </datafield>
   <datafield ind1="8" ind2=" " tag="024">
      <subfield code="a">http://hdl.handle.net/2072/233057</subfield>
   </datafield>
   <datafield ind2="0" ind1="0" tag="245">
      <subfield code="a">Teatro, psicología y Shakespeare.  Estudio de la personalidad de Macbeth y Lady Macbeth</subfield>
   </datafield>
</record></metadata></record></GetRecord></OAI-PMH>